000 01040nam0a22002531i 4500
001 rc\2189430
005 20240726040415.0
035 _a(NLR Aleph) 006612107
090 _a7360070
_c7360070
100 _a20110829d1978 |||y0rusy50 ca
101 0 _arus
102 _aRU
105 _ay d |||a|
200 1 _aМетодика изучения структурных и функциональных особенностей стихотворной речи в восьмилетней школе
_e(На основе лит. поэзии)
_eАвтореф. дис. на соиск. учен. степ. к. п. н.
210 _aМосква
_d1978
215 _a28 с.
300 _aВ надзаг.: НИИ содерж. и методов обучения АПН СССР
320 _aСписок работ авт.: с. 27-28
700 1 _aМатулайтене
_bС.П.
_gСтасе Прано
801 0 _aRU
_bNLR
_gpsbo
801 1 _aRU
_bELAR
_2rusmarc
852 _aNLR
_j81-4/5507
899 _aRuMoRGB
_jДр 380/818
942 _cBOOK